02319 2200289 4500001002100000005001500021035002000036007000300056008004100059020001800100082001000118084001600128100002300144245006600167250000600233300005800239650002100297650002000318520155400338264003001892336002101922337003001943338002301973990001101996990001102007990001102018INLIS00000000002383820260422095146 a0010-0426000035ta260422 g 0 ind  a9786230130489 a005.5 a005.5 MAD d0 aMadcomsePengarang1 a255 Tips dan Trik Mudah Belajar Microsoft Excel 2016 dan 2019 aI axiv + 322 halaman :bIlustrasi [grafis} ;c16 x 23 cm 4aProgram Aplikasi 4aMicrosoft Excel aDeskripsi Microsoft Excel adalah program yang sangat populer. Jutaan orang di seluruh dunia telah menggunakannya, tetapi sebagian besar para pengguna belum menemukan beberapa hal yang menakjubkan dari program ini. Setelah Anda menemukan informasi yang berguna dalam buku ini, Anda dapat menerapkannya dalam pekerjaan Anda. Apa yang Harus Anda Ketahui? Buku ini bukan panduan untuk para pemula pengguna Microsoft Excel, tetapi buku ini untuk para pengguna yang sudah menggunakan Microsoft Excel tapi belum tahu cara menggunakannya secara cepat dan mudah. Buku ini berisi 255 tips dan trik mudah belajar Microsoft Excel mulai versi 2016 hingga 2019 yang sudah dipelajari selama bertahun-tahun, dan sekitar 99 persen dari semua pengguna Microsoft Excel akan menemukan sesuatu yang baru dan berguna. Jika Anda sama sekali tidak memiliki pengalaman tentang Microsoft Excel, maka buku ini mungkin tidak jadi pilihan terbaik bagi Anda. Untuk mendapatkan hasil yang maksimal dari buku ini, Anda harus memiliki beberapa latar belakang dalam menggunakan Microsoft Excel. Secara khusus, Anda harus tahu bagaimana untuk menyelesaikan tugas-tugas berikut ini: Membuat workbook, menambahkan worksheet, menyimpan file, dan melakukan tugas-tugas dasar lainnya. Menggunakan dan memanfaatkan tombol Navigasi melalui workbook. pada Microsoft Excel. Menggunakan Ribbon dan kotak dialog Konvensi dalam Buku Ini Luangkan waktu Anda sebentar untuk membaca sepintas bagian ini dan mengenal beberapa konvensi tipografi yang digunakan di seluruh buku ini. aYogyakarta :bANDI,c2023 2rdacontentaTeks 2rdamediaaTanpa Perantara 2rdacarrieraLembar a078235 a078236 a078237